000 00256nam a2200109Ia 4500
008 240109s2008 xx 000 0 und d
041 _aeng
082 _a620
100 _aSalunkhe N.S.
245 _aProduction Processes
260 _aPune
_bTech Max
_c2008
999 _c1009417
_d1009417